FIBEUS - systém pro náročné

Pracovníci úverových oddelení bánk analyzujú množstvo rôznorodých informácií žiadateľov o úver. Pomáhajú im špeciálne počítačové systémy. Takýmto je znalostný systém pre analýzu klienta FIBEUS. Je určený pre hodnotenie klienta a analýzu rizík pri úverových obchodoch.

Enregistré dans:
Détails bibliographiques
Format: Chapitre de livre
Langue:tchèque
Sujets:
Tags: Ajouter un tag
Pas de tags, Soyez le premier à ajouter un tag!

MARC

LEADER 00000naa a2200000 4500
001 r033758
005 20230908085356.1
041 0 |a cze 
044 |a CZ 
245 1 0 |a FIBEUS - systém pro náročné 
520 |a Pracovníci úverových oddelení bánk analyzujú množstvo rôznorodých informácií žiadateľov o úver. Pomáhajú im špeciálne počítačové systémy. Takýmto je znalostný systém pre analýzu klienta FIBEUS. Je určený pre hodnotenie klienta a analýzu rizík pri úverových obchodoch. 
610 2 0 |a úver bankový 
610 2 0 |a klienti 
610 2 0 |a analýza finančná 
610 2 0 |a informácie 
610 2 0 |a systémy počítačové 
610 2 0 |a softvér 
610 2 0 |a riziko 
610 2 0 |a úver 
610 2 0 |a FIBEUS